| 000 | 004490000a22001810004500 | ||
|---|---|---|---|
| 003 | MACL | ||
| 005 | 20150911170644.0 | ||
| 008 | 150911b xxu||||| |||| 00| 0 eng d | ||
| 040 |
_aMACL _cMACL |
||
| 041 | _aEnglish | ||
| 082 | _a823 | ||
| 100 |
_aChugtai, Ismat _910274 |
||
| 245 |
_aThe Quilt _bThe Story in Multiple Translations |
||
| 260 |
_bFour Corners _c2008 _aKolkata |
||
| 350 | _a195 | ||
| 650 |
_aStories _910275 |
||
| 942 |
_cBK _k823 _2ddc |
||
| 999 |
_c41830 _d41830 |
||